Urban Geography (Record no. 4290)

MARC details
000 -LEADER
fixed length control field 00374nam a22001457a 4500
008 - FIXED-LENGTH DATA ELEMENTS--GENERAL INFORMATION
fixed length control field 250714b |||||||| |||| 00| 0 eng d
020 ## - INTERNATIONAL STANDARD BOOK NUMBER
ISBN 9789354494062
100 ## - MAIN ENTRY--AUTHOR
Author Singh Surender
245 ## - TITLE STATEMENT
Title Urban Geography
260 ## - PUBLICATION, DISTRIBUTION, ETC. (IMPRINT)
Place of publication NP.
Name of publisher Pearson India Education Service pvt Ltd.
300 ## - COLLATION
Pagination xv, 350p.
Other physical details ill.
650 ## - TRACINGS
Main Subject Urban Geography
942 ## - ADDED ENTRY ELEMENTS (KOHA)
Item type Books
050 ## - LIBRARY OF CONGRESS CALL NUMBER
Classification number GN476.4
Item number .S56
Holdings
Source of classification or shelving scheme Not for loan Permanent location Current location Date acquired Accession No. Full call number Barcode. Koha item type
Library of Congress Classification   Samuel Ogbemudia Main Library, University of Abuja Samuel Ogbemudia Main Library, University of Abuja 07/14/2025 2024/62217 GN476.4.S56 2025-3046 Books